| 000 | 00507nam a2200181 4500 | ||
|---|---|---|---|
| 001 | 126817 | ||
| 003 | ES-MaACL | ||
| 005 | 20250822063204.0 | ||
| 007 | t| | ||
| 008 | 070214s1948 sp r ||||1| cat d | ||
| 100 | 1 |
_aRibalta, Josep, _d1891-1965 _996712 |
|
| 245 | 1 | 0 |
_aHores d'Octubre / _cJosep Ribalta. |
| 250 | _a1ª ed. | ||
| 260 |
_aBarcelona : _b[s. n.], _c1948 ( _fImp. Rafael Salvá) |
||
| 300 |
_a108 p. ; _c18 cm. |
||
| 852 |
_aES-MaACL _j1680-F-6 _bR.26426 |
||
| 999 |
_c126817 _d126817 |
||